Statistiques concernant Pays ayant participé à toutes les coupes du monde de rugby.

Cliquez ici pour prendre le quiz!

Statistiques générales

  • Ce quiz a été pris 90 fois
  • Le résultat moyen est 10 sur 11

Statistiques - réponses

Nombres de coupes du monde remportées Nations % Correct
3Nouvelle-Zélande
100%
2Australie
100%
0France
100%
0Italie
99%
0Ecosse
99%
1Angleterre
97%
0Irlande
97%
0Pays de Galles
97%
0Argentine
96%
0Canada
84%
0Japon
81%

Distribution des résultats

Percentile by Number Answered

% des personnes avec chaque résultat

Votre développement - résultats

Vous n’avez pas pris ce quiz